| 000 | 00491nam a22001577a 4500 | ||
|---|---|---|---|
| 005 | 20231107141650.0 | ||
| 008 | 231107b |||||||| |||| 00| 0 eng d | ||
| 041 | _aEnglish | ||
| 082 | _a346.43 CON | ||
| 100 |
_aGerke, R _lEnglish |
||
| 245 |
_aConveyancing Correspondence Course 2000 / _cR Gerke |
||
| 260 |
_aSouth Africa : _bLaw Society of South Africa, _c2001 |
||
| 300 |
_bxii, 190 pages ; _c30 cm. |
||
| 650 |
_aLegal practice _bLaw |
||
| 942 |
_cBK _6ALISON_BN_VRIES |
||
| 999 |
_c387 _d387 |
||